| Поле | Название | Значение |
| |
Тип записи |
a |
| |
Библиографический уровень |
m |
| 001 |
Контрольный номер |
RU/URAIT/598890 |
| 005 |
Дата корректировки |
20260429163639.2 |
| 008 |
Кодируемые данные |
260429s2026 RU y f j 000 0 rus u |
| 020 |
Индекс ISBN |
__ |
| a |
ISBN |
978-5-534-11573-4 |
| c |
Цена, тираж |
1559.00 |
| 040 |
Источник каталогиз. |
__ |
| a |
Служба первич. каталог. |
ИКО Юрайт |
| c |
Служба, преобразующая запись |
ИКО Юрайт |
| e |
Правила каталог. |
RCR |
| 041 |
Код языка издания |
__ |
| a |
Код языка текста |
rus |
| 044 |
Код страны публикации |
__ |
| a |
Код страны публикации |
RU |
| 080 |
Индекс УДК |
__ |
| a |
Индекс УДК |
330(075.8) |
| 084 |
Индекс другой классификации/Индекс ББК |
__ |
| 2 |
Источник индекса |
rubbk |
| a |
Индекс другой классификации/Индекс ББК |
65.01я73 |
| 100 |
Автор |
__ |
| a |
Автор |
Дерен В. И. |
| q |
Полное имя |
Дерен Василий Иосифович |
| 245 |
Заглавие |
__ |
| a |
Заглавие |
Экономическая теория и экономическая политика. Практикум |
| b |
Продолж. заглавия |
учебник для вузов |
| c |
Ответственность |
В. И. Дерен. |
| 250 |
Сведения об издании |
__ |
| g |
|
испр. и доп |
| a |
Основные сведения об издании |
2-е изд. |
| 256 |
Характеристики компьютерного файла |
__ |
| a |
Характеристики компьютерного файла |
Электрон. дан. |
| 260 |
Выходные данные |
__ |
| a |
Место издания |
Москва |
| b |
Издательство |
Юрайт |
| c |
Дата издания |
2026 |
| 300 |
Физическое описание |
__ |
| a |
Объем |
286 с |
| 440 |
Серия |
__ |
| a |
Серия |
Высшее образование |
| 500 |
Примечания |
__ |
| a |
Примечание |
URL: https://urait.ru/bcode/598890 (дата обращения: 29.04.2026). |
| 520 |
Аннотация |
__ |
| a |
Аннотация |
Практикум включает все разделы экономической теории и экономической политики, в том числе российскую экономику переходного периода. Содержит тематический план аудиторных и самостоятельных занятий, задачи, другие задания для самостоятельной работы, примерные темы эссе, докладов, рефератов, список рекомендуемой литературы, а также используемые в экономической теории аббревиатуры и математические формулы. Издание содержит методические указания к дискуссии и участию в ней, к подготовке рефератов, критерии оценивания уровня освоения студентом дисциплины на экзамене, а также овладения компетенциями. Соответствует актуальным требованиям Федерального государственного образовательного стандарта высшего образования. Для студентов бакалавриата, обучающихся по экономическим направлениям, аспирантов, преподавателей и всех интересующихся. |
| 538 |
Прим. о системных особенностях |
__ |
| a |
Прим. о системных особенностях |
Режим доступа: Электронно-библиотечная система Юрайт, для авториз. пользователей |
| 653 |
Ключевые слова |
__ |
| a |
Ключевые слова |
Экономическая теория, история экономики и история экономических учений |
| 653 |
Ключевые слова |
__ |
| a |
Ключевые слова |
Экономические науки |
| 653 |
Ключевые слова |
__ |
| a |
Ключевые слова |
Общая экономическая теория |
| 653 |
Ключевые слова |
__ |
| a |
Ключевые слова |
Экономика |
| 653 |
Ключевые слова |
__ |
| a |
Ключевые слова |
Основы экономики |
| 653 |
Ключевые слова |
__ |
| a |
Ключевые слова |
Основы экономической теории |
| 653 |
Ключевые слова |
__ |
| a |
Ключевые слова |
Экономика (Основы экономических теорий) |
| 653 |
Ключевые слова |
__ |
| a |
Ключевые слова |
Экономическая политика |
| 653 |
Ключевые слова |
__ |
| a |
Ключевые слова |
Экономическая теория |
| 653 |
Ключевые слова |
__ |
| a |
Ключевые слова |
Введение в экономику |
| 653 |
Ключевые слова |
__ |
| a |
Ключевые слова |
Теория экономической политики |
| 653 |
Ключевые слова |
__ |
| a |
Ключевые слова |
Экономика (экономическая теория) |
| 653 |
Ключевые слова |
__ |
| a |
Ключевые слова |
Основы экономической политики |
| 653 |
Ключевые слова |
__ |
| a |
Ключевые слова |
Введение в экономическую теорию |
| 653 |
Ключевые слова |
__ |
| a |
Ключевые слова |
Теория экономических учений |
| 653 |
Ключевые слова |
__ |
| a |
Ключевые слова |
Экономическая политика: история и современность |
| 856 |
Электронный адрес документа |
40 |
| n |
Местонахождение сервера |
Юрайт |
| g |
|
Электронная книга |
| q |
Тип электронного формата |
html |
| h |
Имя пользователя |
ЮРАЙТ |
| v |
Часы доступа к ресурсу |
20271231 |
| 2 |
Способ доступа |
Показать документ |
| x |
Служебное примечание |
https://urait.ru/book/cover/78694477-8061-452C-BA91-DB907C456505 |
| u |
URL |
https://urait.ru/bcode/598890 |
| 856 |
Электронный адрес документа |
48 |
| q |
Тип электронного формата |
cover |
| u |
URL |
https://urait.ru/book/cover/78694477-8061-452C-BA91-DB907C456505 |
| 911 |
|
__ |
| u |
|
0030=https://urait.ru/bcode/598890 |
| 911 |
|
__ |
| u |
|
073a=9785534115734 |
| u |
|
073d=1559.00 |
| 911 |
|
__ |
| u |
|
106a=s |
| 911 |
|
__ |
| u |
|
900l= |
| 952 |
Тип литературы |
__ |
| i |
Дисциплина |
Общая экономическая теория |
| 952 |
Тип литературы |
__ |
| i |
Дисциплина |
Экономика |
| 952 |
Тип литературы |
__ |
| i |
Дисциплина |
Основы экономики |
| 952 |
Тип литературы |
__ |
| i |
Дисциплина |
Основы экономической теории |
| 952 |
Тип литературы |
__ |
| i |
Дисциплина |
Экономика (Основы экономических теорий) |
| 952 |
Тип литературы |
__ |
| i |
Дисциплина |
Экономическая политика |
| 952 |
Тип литературы |
__ |
| i |
Дисциплина |
Экономическая теория |
| 952 |
Тип литературы |
__ |
| i |
Дисциплина |
Введение в экономику |
| 952 |
Тип литературы |
__ |
| i |
Дисциплина |
Теория экономической политики |
| 952 |
Тип литературы |
__ |
| i |
Дисциплина |
Экономика (экономическая теория) |
| 952 |
Тип литературы |
__ |
| i |
Дисциплина |
Основы экономической политики |
| 952 |
Тип литературы |
__ |
| i |
Дисциплина |
Введение в экономическую теорию |
| 952 |
Тип литературы |
__ |
| i |
Дисциплина |
Теория экономических учений |
| 952 |
Тип литературы |
__ |
| i |
Дисциплина |
Экономическая политика: история и современность |